000 00327nam a2200145Ia 4500
008 230718s9999 xx 000 0 und d
041 _aEng.
082 _a346.52
_bMAL-T
100 _aMalik,M.A
245 4 _aThe succession act
260 _aPakistan
_bPLD PUBLISHERS
_c1999
300 _a208
650 _aLaw
999 _c30243
_d30243